MARC

LEADER 00000nam0a2200000 4500
001 48102
005 20231101211129.0
010 |a 5777702678 
035 |a (RuTPU)RU\TPU\book\50316 
090 |a 48102 
100 |a 20030304d2003 m y0rusy50 ca 
101 1 |a rus 
102 |a RU 
105 |a y z 000zy 
200 1 |a Тирания момента  |a Время в эпоху информации  |e пер. с норв.  |f Т. Х. Эриксен 
210 |a Москва  |c Весь Мир  |d 2003 
215 |a 208 с. 
606 1 |a Информация  |x Социология  |2 stltpush  |3 (RuTPU)RU\TPU\subj\37591  |9 58489 
610 1 |a социология 
610 1 |a философия 
610 1 |a информация 
610 1 |a время 
610 1 |a информационные технологии 
686 |a С55.57  |v LBC/SL-A  |2 rubbk 
686 |a Ю212.13  |v LBC/SL-A  |2 rubbk 
700 1 |a Эриксен  |b Т. Х.  |g Томас Хюлланд 
801 1 |a RU  |b 63413507  |c 20030304  |g PSBO 
801 2 |a RU  |b 63413507  |c 20140603  |g PSBO 
942 |c BK